[Event "Rated Blitz game"]
[Site "?"]
[Date "2021.06.03"]
[Round "?"]
[White "Cropollis"]
[Black "Doppelbauer01"]
[Result "0-1"]
[WhiteElo "2554"]
[BlackElo "2512"]
[PlyCount "102"]
[EventDate "2021.??.??"]
[EventType "blitz"]

1. e4 e5 2. Nf3 Nc6 3. c3 d5 4. exd5 Qxd5 5. d4 exd4 6. cxd4 Bg4 7. Be2 Bb4+ 8.
Nc3 Bxf3 9. Bxf3 Qc4 10. Bxc6+ bxc6 11. Qe2+ Qxe2+ 12. Kxe2 Ne7 13. Be3 O-O-O
14. Rac1 Kb7 15. Ne4 Rhe8 16. a3 Bd6 17. Rhd1 Nd5 18. Nc5+ Bxc5 19. Rxc5 f5 20.
Kf3 f4 21. Bd2 Re6 22. Rdc1 g5 23. g4 fxg3 24. hxg3 Rf8+ 25. Kg2 Re2 26. Be1
Rf6 27. Kg1 Rxb2 28. R5c2 Rb3 29. Bd2 g4 30. Bg5 Rg6 31. Bh4 Rxa3 32. Rb1+ Nb6
33. Bd8 Ra5 34. Rc5 Rb5 35. Rbxb5 cxb5 36. Rxc7+ Ka6 37. Rxh7 Rd6 38. Bc7 Rxd4
39. Bb8 Nc8 40. Rh6+ Kb7 41. Be5 Rd7 42. Rg6 a5 43. Rxg4 b4 44. Rc4 Nb6 45. Rc5
Rd5 46. Rc7+ Ka6 47. Bf4 b3 48. Rc3 Rb5 49. Rc1 a4 50. Be5 b2 51. Rb1 a3 {
Time forfeit} 0-1

[Event "Rated Blitz game"]
[Site "?"]
[Date "2021.06.03"]
[Round "?"]
[White "Penguin_gm"]
[Black "chutimagala"]
[Result "1-0"]
[WhiteElo "2469"]
[BlackElo "2298"]
[PlyCount "71"]
[EventDate "2021.??.??"]
[EventType "blitz"]

1. e4 e5 2. Nf3 Nc6 3. c3 Nf6 4. d4 exd4 5. e5 Qe7 6. cxd4 d6 7. Bb5 dxe5 8.
dxe5 Ng4 9. O-O Bd7 10. Nc3 Ncxe5 11. Bxd7+ Qxd7 12. Nxe5 Qxd1 13. Rxd1 Nxe5
14. Re1 f6 15. f4 Bd6 16. fxe5 Bxe5 17. Bf4 O-O-O 18. Bxe5 fxe5 19. Rxe5 Rd7
20. Rae1 Rhd8 21. Re8 Rd2 22. Rxd8+ Rxd8 23. Kf2 a6 24. Kf3 b5 25. Re7 Rd2 26.
Re2 Rd3+ 27. Ke4 Rd6 28. Kf5 Kb7 29. Ne4 Rd5+ 30. Ke6 Rd4 31. Kf7 Rd7+ 32. Kg8
h6 33. Nc5+ Kc6 34. Nxd7 Kxd7 35. Kxg7 c5 36. Kxh6 {Normal} 1-0

[Event "Rated Rapid game"]
[Site "?"]
[Date "2021.06.03"]
[Round "?"]
[White "nocreativitytoo"]
[Black "Julien0075"]
[Result "0-1"]
[WhiteElo "2425"]
[BlackElo "2406"]
[PlyCount "24"]
[EventDate "2021.??.??"]
[EventType "rapid"]

1. e4 e5 2. Nf3 Nc6 3. c3 d5 4. Qa4 Nf6 5. Nxe5 Bd6 6. Nxc6 bxc6 7. exd5 O-O 8.
Qxc6 Re8+ 9. Kd1 Ne4 10. Bb5 Nxf2+ 11. Kc2 Bf5+ 12. d3 Re2+ {Normal} 0-1

[Event "Rated Blitz game"]
[Site "?"]
[Date "2021.06.02"]
[Round "?"]
[White "wallie666"]
[Black "Quaritch79"]
[Result "0-1"]
[WhiteElo "2418"]
[BlackElo "2409"]
[PlyCount "134"]
[EventDate "2021.??.??"]
[EventType "blitz"]

1. e4 e5 2. Nf3 Nc6 3. c3 Nf6 4. d4 exd4 5. e5 Nd5 6. Qb3 Nb6 7. cxd4 d5 8. Bb5
Bd7 9. O-O Be7 10. Nc3 O-O 11. Nxd5 Nxd4 12. Nxe7+ Qxe7 13. Nxd4 Bxb5 14. Nxb5
Qxe5 15. Be3 c6 16. Bxb6 axb6 17. Na3 b5 18. Rae1 Qf6 19. Re3 Rfd8 20. Rf3 Qg6
21. Nc2 h5 22. Ne3 Rd7 23. Nf5 Re8 24. Qc2 Re5 25. Ne3 Qxc2 26. Nxc2 Re2 27.
Ne3 Rxb2 28. a3 Ra2 29. Nf5 g6 30. Ng3 Rdd2 31. Ne4 Rd4 32. Nf6+ Kg7 33. Re1
Ra4 34. Ne8+ Kf8 35. Nd6 f5 36. Nxb7 R4xa3 37. Rxa3 Rxa3 38. Nc5 Rc3 39. Nd7+
Kf7 40. Kf1 b4 41. Rb1 c5 42. Ke2 Ke6 43. Nb6 Rc2+ 44. Ke3 g5 45. g3 Kd6 46. h3
Kc6 47. Nc8 f4+ 48. gxf4 gxf4+ 49. Kf3 Rc3+ 50. Kxf4 Rxh3 51. Ne7+ Kb5 52. Nd5
b3 53. f3 c4 54. Ke4 Kc5 55. f4 Rh2 56. f5 Re2+ 57. Kf3 Re5 58. Ne3 Kb4 59. Rc1
c3 60. Nc2+ bxc2 61. Rxc2 Rxf5+ 62. Ke4 Rc5 63. Kd4 Rc8 64. Rc1 c2 65. Kd3 Kb3
66. Rb1+ cxb1=Q+ 67. Kd2 Qb2+ {Normal} 0-1

[Event "Rated Blitz game"]
[Site "?"]
[Date "2021.06.02"]
[Round "?"]
[White "magos33"]
[Black "profmathe2016"]
[Result "1-0"]
[WhiteElo "2364"]
[BlackElo "2407"]
[PlyCount "71"]
[EventDate "2021.??.??"]
[EventType "blitz"]

1. e4 e5 2. Nf3 Nc6 3. c3 Nf6 4. d4 Nxe4 5. d5 Nb8 6. Nxe5 Qe7 7. Qe2 Qxe5 8.
Nd2 f5 9. f3 Qxd5 10. fxe4 fxe4 11. Nxe4 Be7 12. Bg5 Qe6 13. Bxe7 Qxe7 14.
O-O-O O-O 15. Qc4+ Kh8 16. Bd3 c6 17. Rhe1 d5 18. Qc5 Qxc5 19. Nxc5 b6 20. Ne6
Bxe6 21. Rxe6 g6 22. Rde1 b5 23. Re7 Na6 24. b4 Rf2 25. a4 c5 26. Bxb5 cxb4 27.
Bxa6 bxc3 28. R7e2 Rf4 29. Re8+ Rxe8 30. Rxe8+ Kg7 31. Bb5 d4 32. Kc2 Rf2+ 33.
Re2 Rf4 34. Kd3 Kf6 35. g3 Rf3+ 36. Kxd4 {Time forfeit} 1-0

[Event "Rated Blitz game"]
[Site "?"]
[Date "2021.06.02"]
[Round "?"]
[White "bkara"]
[Black "mishanya-kharkov"]
[Result "1-0"]
[WhiteElo "2448"]
[BlackElo "2573"]
[PlyCount "107"]
[EventDate "2021.??.??"]
[EventType "blitz"]

1. e4 e5 2. Nf3 Nc6 3. c3 Nf6 4. d4 Nxe4 5. d5 Ne7 6. Nxe5 Ng6 7. Nc4 Bc5 8.
Be3 Qe7 9. Be2 Bxe3 10. Nxe3 O-O 11. O-O Qg5 12. Qd4 Re8 13. Bf3 Nf4 14. Re1
Nh3+ 15. Kf1 Nhxf2 16. Nc4 Qf4 17. Nbd2 f5 18. d6 c5 19. Qd5+ Re6 20. g3 Qh6
21. Nxe4 Nxe4 22. Bxe4 fxe4 23. Rxe4 Rb8 24. Rxe6 Qh3+ 25. Kg1 Qxe6 26. Qxe6+
dxe6 27. Ne5 b6 28. Nc6 Ra8 29. Rd1 Bd7 30. Ne5 Rd8 31. Kf2 g6 32. Ke3 Kg7 33.
Ke4 g5 34. Nxd7 Rxd7 35. Ke5 Kf7 36. Rf1+ Ke8 37. Kxe6 Rg7 38. g4 Rg6+ 39. Rf6
Rg7 40. Kf5 Kd7 41. Rh6 b5 42. Kf6 Rg8 43. Rxh7+ Kxd6 44. Rxa7 Rf8+ 45. Kxg5
Rf2 46. h4 Rxb2 47. h5 b4 48. cxb4 c4 49. Ra3 Rxb4 50. h6 Rb7 51. Kg6 Ke5 52.
h7 Rb6+ 53. Kh5 Rb1 54. h8=Q+ {Normal} 1-0

[Event "Rated Blitz game"]
[Site "?"]
[Date "2021.06.02"]
[Round "?"]
[White "Frutek"]
[Black "doreality1991"]
[Result "1-0"]
[WhiteElo "2608"]
[BlackElo "2698"]
[PlyCount "73"]
[EventDate "2021.??.??"]
[EventType "blitz"]

1. e4 e5 2. Nf3 Nc6 3. c3 f5 4. d4 fxe4 5. Ng5 Nf6 6. d5 Ne7 7. c4 Ng6 8. Nc3
Bb4 9. Bd2 Bxc3 10. Bxc3 O-O 11. Qc2 d6 12. Nxe4 Bf5 13. Nxf6+ Qxf6 14. Qd2 Nf4
15. g3 Be4 16. Rg1 Nd3+ 17. Bxd3 Bxd3 18. O-O-O Bxc4 19. f4 Bxa2 20. fxe5 dxe5
21. d6 cxd6 22. Qxd6 Qg5+ 23. Rd2 Rf2 24. Qxe5 Qxe5 25. Bxe5 Rc8+ 26. Bc3 Rf7
27. Re1 h6 28. Rd6 Bb3 29. Kd2 Kh7 30. h4 Rc4 31. Re3 Rg4 32. Be5 Bc4 33. Bf4
a5 34. Rd8 b5 35. Ree8 Rfxf4 36. gxf4 Rxh4 37. f5 {Normal} 1-0

[Event "Rated Rapid game"]
[Site "?"]
[Date "2021.06.02"]
[Round "?"]
[White "aivarsskuja"]
[Black "komis1987"]
[Result "1-0"]
[WhiteElo "2288"]
[BlackElo "2401"]
[PlyCount "21"]
[EventDate "2021.??.??"]
[EventType "rapid"]

1. e4 e5 2. Nf3 Nc6 3. c3 d5 4. Bb5 dxe4 5. Nxe5 Qg5 6. d4 Qxg2 7. Rf1 Nge7 8.
d5 a6 9. dxc6 bxc6 10. Bc4 Qxh2 11. Bxf7# {Normal} 1-0

[Event "Rated Blitz game"]
[Site "?"]
[Date "2021.06.02"]
[Round "?"]
[White "Kojomberdiev"]
[Black "IvanKalajzic"]
[Result "0-1"]
[WhiteElo "2318"]
[BlackElo "2454"]
[PlyCount "68"]
[EventDate "2021.??.??"]
[EventType "blitz"]

1. e4 Nc6 2. c3 e5 3. Nf3 Bc5 4. d4 exd4 5. cxd4 Bb6 6. Nc3 d6 7. h3 Nf6 8. a3
h6 9. Bd3 O-O 10. Bc2 Re8 11. O-O Ne7 12. Re1 Ng6 13. Be3 Nh5 14. Qd2 Nh4 15.
Nh2 c6 16. Qe2 Nf6 17. Rad1 Ng6 18. e5 Nd5 19. Bxg6 fxg6 20. Nxd5 cxd5 21. Qg4
Bxg4 22. Nxg4 dxe5 23. Nxe5 Rxe5 24. dxe5 Bxe3 25. Rxe3 Rc8 26. e6 Rc7 27. f4
Re7 28. g4 Qd6 29. f5 d4 30. Rf3 Qe5 31. Kf2 Qh2+ 32. Kf1 Rc7 33. Rf2 Qxh3+ 34.
Ke1 Qxg4 {Normal} 0-1

[Event "Rated Blitz game"]
[Site "?"]
[Date "2021.06.02"]
[Round "?"]
[White "Fight-chess"]
[Black "forbiddencheapos"]
[Result "1-0"]
[WhiteElo "2494"]
[BlackElo "2371"]
[PlyCount "53"]
[EventDate "2021.??.??"]
[EventType "blitz"]

1. e4 e5 2. Nf3 Nc6 3. c3 Nf6 4. d4 exd4 5. e5 Nd5 6. cxd4 Bb4+ 7. Bd2 O-O 8.
Bb5 Re8 9. O-O Bf8 10. h3 a6 11. Bc4 Nb6 12. Bb3 d5 13. Nc3 Na5 14. Bc2 Nac4
15. Bc1 c6 16. Qd3 g6 17. b3 Na3 18. Bd1 Nb5 19. Ne2 Bf5 20. Qe3 f6 21. Ng3 Bd7
22. Bb2 Bg7 23. Bc2 Nc7 24. Rae1 fxe5 25. dxe5 Ne6 26. Nd2 Qh4 27. Qxb6 {Normal
} 1-0

[Event "Rated Blitz game"]
[Site "?"]
[Date "2021.06.02"]
[Round "?"]
[White "farbmates"]
[Black "Strauss5"]
[Result "1-0"]
[WhiteElo "2417"]
[BlackElo "2454"]
[PlyCount "41"]
[EventDate "2021.??.??"]
[EventType "blitz"]

1. e4 e5 2. Nf3 Nc6 3. c3 Nf6 4. d4 exd4 5. e5 Ne4 6. Qe2 f5 7. exf6 d5 8. Nxd4
Nxd4 9. cxd4 Kf7 10. fxg7 Bxg7 11. Qh5+ Kf8 12. Bd3 Nf6 13. Qh4 Qd6 14. O-O Be6
15. Bh6 Bf7 16. Nc3 c6 17. Rae1 Rg8 18. Ne2 Bxh6 19. Qxh6+ Rg7 20. Ng3 Rd8 21.
Nf5 {Normal} 1-0

[Event "Rated Blitz game"]
[Site "?"]
[Date "2021.06.02"]
[Round "?"]
[White "wallie666"]
[Black "DonAdo"]
[Result "1/2-1/2"]
[WhiteElo "2415"]
[BlackElo "2309"]
[PlyCount "188"]
[EventDate "2021.??.??"]
[EventType "blitz"]

1. e4 e5 2. Nf3 Nc6 3. c3 Be7 4. d4 d6 5. d5 Nb8 6. Bd3 f5 7. Nbd2 Nf6 8. Qc2
O-O 9. c4 fxe4 10. Nxe4 Nxe4 11. Bxe4 h6 12. O-O Bg4 13. h3 Bh5 14. Be3 Nd7 15.
b4 Nf6 16. c5 Qe8 17. Nh2 Nxe4 18. Qxe4 Bg6 19. Qc4 Kh7 20. Rae1 a6 21. f4 Qb5
22. Qb3 Qd3 23. fxe5 Rxf1+ 24. Nxf1 Qxb3 25. axb3 dxe5 26. Nd2 Rf8 27. Nc4 Bf6
28. Bf2 Re8 29. d6 cxd6 30. Nxd6 Rb8 31. Bg3 Bc2 32. Bxe5 Bxe5 33. Rxe5 Bxb3
34. Re7 Bd5 35. Nf5 Rg8 36. g4 Kg6 37. Kf2 Kf6 38. Rd7 Bc6 39. Rd6+ Kf7 40. Nd4
Rc8 41. Nxc6 bxc6 42. Ke3 Ke7 43. Kd3 Rc7 44. Kc4 Kf7 45. h4 Ke7 46. Rd3 Kf6
47. Ra3 Ra7 48. Kd4 Ke6 49. Ke4 Kf6 50. Kf4 g6 51. g5+ hxg5+ 52. hxg5+ Ke6 53.
Ke4 Ra8 54. Ra5 Ra7 55. Ra4 Ra8 56. Ra5 Ra7 57. Ra2 Kd7 58. Kd4 Kc7 59. Ke5 Kd7
60. Kf6 Ke8 61. Kxg6 Kf8 62. Kh5 Kg7 63. g6 Ra8 64. Ra4 Ra7 65. Kg5 Ra8 66. Kf5
Ra7 67. Ke6 Kxg6 68. Kd6 Kf6 69. Kxc6 Ke6 70. Kb6 Ra8 71. Rxa6 Rb8+ 72. Ka5+
Kd7 73. Rb6 Rc8 74. Kb5 Kc7 75. c6 Ra8 76. Rb7+ Kc8 77. Kc5 Ra3 78. b5 Rc3+ 79.
Kb6 Rb3 80. Rh7 Kd8 81. Rh8+ Ke7 82. c7 Rc3 83. c8=Q Rxc8 84. Rxc8 Kd7 85. Rc7+
Kd6 86. Kb7 Kd5 87. Kc8 Kd6 88. b6 Kd5 89. b7 Ke6 90. b8=Q Kd6 91. Kb7 Ke6 92.
Qd8 Ke5 93. Re7+ Kf4 94. Qf8+ Kg3 {Time forfeit} 1/2-1/2

[Event "Rated Blitz tournament UWn05mPF"]
[Site "?"]
[Date "2021.06.02"]
[Round "?"]
[White "miserable_man"]
[Black "Future_Is_Meow"]
[Result "0-1"]
[WhiteElo "2272"]
[BlackElo "2788"]
[PlyCount "58"]
[EventDate "2021.??.??"]
[EventType "blitz"]

1. e4 e5 2. Nf3 Nc6 3. c3 Bc5 4. d4 exd4 5. cxd4 Bb4+ 6. Bd2 d5 7. exd5 Qxd5 8.
Bxb4 Nxb4 9. Nc3 Qd6 10. Bc4 Nf6 11. O-O O-O 12. h3 c6 13. Re1 Bf5 14. Qb3 Nc2
15. Rac1 Nxe1 16. Rxe1 b5 17. Bf1 Rfe8 18. Ne5 Be6 19. Qc2 Qxd4 20. Nxc6 Qc5
21. Bxb5 Bd7 22. Rxe8+ Rxe8 23. Qa4 h6 24. Kf1 a6 25. Qxa6 Re6 26. Qa8+ Kh7 27.
Bd3+ g6 28. Na5 Qd4 29. Qf3 Qe5 {Normal} 0-1

[Event "Rated Blitz game"]
[Site "?"]
[Date "2021.06.02"]
[Round "?"]
[White "Yatinkumar"]
[Black "retardedplatypus123"]
[Result "0-1"]
[WhiteElo "2375"]
[BlackElo "2557"]
[PlyCount "25"]
[EventDate "2021.??.??"]
[EventType "blitz"]

1. e4 e5 2. Nf3 Nc6 3. c3 d5 4. exd5 Qxd5 5. Be2 e4 6. c4 Qf5 7. Ng1 Be6 8. Nc3
Nf6 9. h3 O-O-O 10. a3 Bc5 11. f3 Qf4 12. d4 Qg3+ 13. Kf1 {Normal} 0-1

[Event "Rated Blitz game"]
[Site "?"]
[Date "2021.06.02"]
[Round "?"]
[White "wallie666"]
[Black "justus789"]
[Result "1/2-1/2"]
[WhiteElo "2412"]
[BlackElo "2402"]
[PlyCount "73"]
[EventDate "2021.??.??"]
[EventType "blitz"]

1. e4 e5 2. Nf3 Nc6 3. c3 Nf6 4. d4 d5 5. dxe5 Nxe4 6. Bb5 Bc5 7. O-O O-O 8.
Nbd2 Nxd2 9. Bxd2 h6 10. h3 Be6 11. Bxc6 bxc6 12. Nd4 Bd7 13. f4 Bb6 14. Be3 c5
15. Nf3 Bb5 16. Re1 Bc6 17. Qd2 Qe7 18. Rad1 Rfd8 19. Qf2 a5 20. Nh4 d4 21.
cxd4 cxd4 22. Nf5 Qe6 23. Nxd4 Bxd4 24. Rxd4 Rxd4 25. Bxd4 Qxa2 26. e6 f6 27.
Bxf6 gxf6 28. Qg3+ Kh7 29. Qd3+ Kg7 30. Qg3+ Kh8 31. Qg6 Qxb2 32. e7 Re8 33.
Qxh6+ Kg8 34. Qg6+ Kh8 35. Qh6+ Kg8 36. Qg6+ Kh8 37. Qh6+ {Normal} 1/2-1/2

[Event "Rated Blitz game"]
[Site "?"]
[Date "2021.06.02"]
[Round "?"]
[White "wallie666"]
[Black "QMagico"]
[Result "1-0"]
[WhiteElo "2411"]
[BlackElo "2429"]
[PlyCount "47"]
[EventDate "2021.??.??"]
[EventType "blitz"]

1. e4 e5 2. Nf3 Nc6 3. c3 Nf6 4. d4 exd4 5. e5 Qe7 6. cxd4 d6 7. Bb5 Bd7 8. O-O
dxe5 9. Bxc6 Bxc6 10. Nxe5 Bd5 11. Nc3 O-O-O 12. Bg5 Kb8 13. Nxd5 Rxd5 14. Qb3
Qe6 15. Bxf6 gxf6 16. Nf3 Rg8 17. Rfe1 Qd7 18. Qxd5 Bd6 19. Qh5 a6 20. Re3 Bf4
21. Rb3 Ka7 22. Re1 Qc6 23. Qc5+ Qxc5 24. dxc5 {Time forfeit} 1-0

[Event "Titled Tuesday 1st June"]
[Site "chess.com INT"]
[Date "2021.06.01"]
[Round "6"]
[White "Terry, R."]
[Black "Migot, T."]
[Result "1/2-1/2"]
[WhiteElo "2504"]
[BlackElo "2353"]
[PlyCount "108"]
[EventDate "2021.06.01"]
[SourceTitle "The Week in Chess 1387"]
[Source "Mark Crowther"]
[SourceDate "2021.06.07"]
[SourceVersion "1"]
[SourceVersionDate "2021.06.07"]
[SourceQuality "2"]

1. e4 e5 2. Nf3 Nc6 3. c3 Nf6 4. d4 Nxe4 5. d5 Ne7 6. Nxe5 Nf6 7. d6 cxd6 8.
Ng4 Nc6 9. Bg5 Be7 10. Bxf6 Bxf6 11. Qxd6 Be7 12. Qd1 O-O 13. Ne3 Bg5 14. Nd5
Re8+ 15. Be2 Ne7 16. Nb4 d5 17. O-O Be6 18. Na3 Nc6 19. Nac2 Bf6 20. Bf3 Qb6
21. Nxd5 Bxd5 22. Bxd5 Qxb2 23. Rb1 Qxc3 24. Rxb7 Rf8 25. Rc7 Rac8 26. Bxf7+
Kh8 27. Rxc8 Rxc8 28. Ne3 Rd8 29. Qa4 Qc5 30. h3 Bd4 31. Re1 Rf8 32. Qb3 Ne5
33. Bd5 a5 34. Be4 Qa7 35. Qc2 a4 36. Bxh7 Nc4 37. Qxc4 Kxh7 38. Qd3+ Kh8 39.
Rd1 Bb6 40. Qe4 Qf7 41. Qh4+ Kg8 42. a3 Bxe3 43. fxe3 Qb3 44. Qd4 Qxa3 45. Qd5+
Kh8 46. Qh5+ Kg8 47. Qd5+ Kh8 48. Rd4 Qxe3+ 49. Kh2 Qe7 50. Rxa4 Qc7+ 51. Kg1
Qc1+ 52. Kh2 Qc7+ 53. Kg1 Qc1+ 54. Kh2 Qc7+ 1/2-1/2

[Event "Rated Blitz game"]
[Site "?"]
[Date "2021.06.01"]
[Round "?"]
[White "wader51"]
[Black "MasterTol"]
[Result "1/2-1/2"]
[WhiteElo "2438"]
[BlackElo "2451"]
[PlyCount "150"]
[EventDate "2021.??.??"]
[EventType "blitz"]

1. e4 e5 2. Nf3 Nc6 3. c3 Nf6 4. d4 exd4 5. e5 Ne4 6. Qe2 d5 7. exd6 f5 8. Nbd2
Bxd6 9. Nxe4 fxe4 10. Qxe4+ Be7 11. Bc4 dxc3 12. O-O Qd6 13. Bf4 Qg6 14. Qxg6+
hxg6 15. bxc3 Bg4 16. Ne5 Nxe5 17. Bxe5 O-O-O 18. Bxg7 Rh7 19. Be5 Bc5 20. Rad1
Bxd1 21. h3 Ba4 22. Bf4 a6 23. Re1 Bc6 24. Bg3 Re7 25. Rc1 Rde8 26. Kh2 Re1 27.
Rc2 Ba4 28. Rd2 Rd8 29. Rb2 Ba3 30. Re2 Rxe2 31. Bxe2 Rd2 32. Bg4+ Kb8 33. Be6
Bd6 34. Bf7 g5 35. Bxd6 cxd6 36. Kg3 Bd7 37. f3 Rd3 38. h4 gxh4+ 39. Kxh4 Rxc3
40. f4 Rc8 41. Bg6 Rf8 42. g3 d5 43. Kg5 d4 44. Bd3 Bb5 45. Bc2 d3 46. Bd1 d2
47. f5 Bd3 48. f6 Kc7 49. g4 Kd6 50. Kf4 Rxf6+ 51. Ke3 Bb1 52. g5 Ke5 53. gxf6
Kxf6 54. Kxd2 Ke5 55. a3 Be4 56. Kc3 Bc6 57. Be2 Kd6 58. Bd3 Kc5 59. Bc2 b6 60.
Bd3 a5 61. Bc2 Bb5 62. Bb3 Bc6 63. Be6 b5 64. Bf7 b4+ 65. axb4+ axb4+ 66. Kb2
Bd5 67. Bg8 Kc4 68. Bxd5+ Kxd5 69. Kb3 Kc5 70. Kb2 Kc4 71. Kc2 b3+ 72. Kb2 Kb4
73. Kb1 Kc3 74. Kc1 b2+ 75. Kb1 Kb3 {Normal} 1/2-1/2

[Event "Rated Blitz game"]
[Site "?"]
[Date "2021.06.01"]
[Round "?"]
[White "MyMainManMaxEuwe"]
[Black "badri0102"]
[Result "0-1"]
[WhiteElo "2412"]
[BlackElo "2364"]
[PlyCount "124"]
[EventDate "2021.??.??"]
[EventType "blitz"]

1. e4 e5 2. Nf3 Nc6 3. c3 d5 4. Qa4 dxe4 5. Nxe5 Qd6 6. Bb5 Nge7 7. Qxe4 Bf5 8.
Qe2 f6 9. Nxc6 bxc6 10. Bc4 Kd7 11. O-O Re8 12. d4 Nd5 13. Qf3 g6 14. Nd2 Bg7
15. Nb3 Nb6 16. Nc5+ Ke7 17. Bf4 Qd8 18. Rae1+ Kf8 19. Qxc6 Nxc4 20. Bxc7 Qc8
21. d5 Ne5 22. Qd6+ Kf7 23. f4 Nd7 24. Ne6 Bf8 25. Nxf8 Rhxf8 26. h3 Kg7 27. c4
Nb6 28. b3 Qd7 29. Qxd7+ Nxd7 30. Kf2 Nc5 31. Rxe8 Rxe8 32. g4 Nd3+ 33. Kg3 Bc8
34. Rd1 Nb4 35. d6 Bd7 36. a3 Nc2 37. Rd5 Ne3 38. Ra5 h5 39. Rxa7 hxg4 40. hxg4
Nxg4 41. Bb6 Kh6 42. Rxd7 Ne3 43. Bxe3 Rxe3+ 44. Kf2 Rxb3 45. c5 Rb2+ 46. Ke3
Rc2 47. Kd4 g5 48. fxg5+ fxg5 49. Kd5 g4 50. Kc6 g3 51. Re7 g2 52. d7 g1=Q 53.
d8=Q Qg2+ 54. Qd5 Qxd5+ 55. Kxd5 Rd2+ 56. Kc6 Rc2 57. Re6+ Kg5 58. Kc7 Kg4 59.
Kd8 Kg3 60. Ke7 Kf3 61. Rg6 Ke3 62. Kf7 Kf3 {Time forfeit} 0-1

[Event "Rated Blitz game"]
[Site "?"]
[Date "2021.06.01"]
[Round "?"]
[White "AlgebraTeen"]
[Black "SuperSpeedyCrazyCow"]
[Result "1/2-1/2"]
[WhiteElo "2430"]
[BlackElo "2254"]
[PlyCount "142"]
[EventDate "2021.??.??"]
[EventType "blitz"]

1. e4 e5 2. Nf3 Nc6 3. c3 d5 4. Qa4 f6 5. Bb5 Nge7 6. d3 Be6 7. O-O a6 8. Bxc6+
Nxc6 9. Rd1 Be7 10. Nbd2 O-O 11. Nf1 f5 12. exd5 Bxd5 13. Ne1 Bc5 14. Be3 Bd6
15. f4 Qh4 16. g3 Qg4 17. Ng2 b5 18. Qc2 Rae8 19. Qf2 exf4 20. Nxf4 Bf3 21. Re1
Ne5 22. d4 Nc4 23. Nd2 Nxe3 24. Qxf3 Qxf3 25. Nxf3 Bxf4 26. gxf4 Nd5 27. Re5
Nxf4 28. Rae1 Rxe5 29. Rxe5 Nd3 30. Re7 Nxb2 31. Rxc7 h6 32. Ne5 f4 33. Kf2 Nc4
34. Nxc4 bxc4 35. Rxc4 g5 36. h3 Rb8 37. Rc6 Rb2+ 38. Kf3 Rxa2 39. Rxh6 Ra3 40.
Rg6+ Kf7 41. Rxg5 Kf6 42. Kxf4 Rxc3 43. Rh5 Ra3 44. Rh6+ Kg7 45. Rb6 a5 46. h4
a4 47. h5 Ra1 48. Ke5 a3 49. h6+ Kh7 50. Kd5 a2 51. Ra6 Kh8 52. Ra7 Rh1 53.
Rxa2 Rh5+ 54. Kc6 Rxh6+ 55. Kc5 Rh7 56. d5 Kg7 57. Ra6 Rh5 58. Rc6 Rh4 59. Rc7+
Kg6 60. Kd6 Kg5 61. Kc6 Rf4 62. Rd7 Rf5 63. Rd6 Rf6 64. Re6 Kf4 65. Rxf6+ Ke5
66. Re6+ Kd4 67. Kd6 Kd3 68. Ke7 Kd4 69. d6 Kd3 70. d7 Kd4 71. Rd6+ Kc4 {
Time forfeit} 1/2-1/2

[Event "Rated Blitz game"]
[Site "?"]
[Date "2021.06.01"]
[Round "?"]
[White "Penguin_gm"]
[Black "BTR-07"]
[Result "0-1"]
[WhiteElo "2468"]
[BlackElo "2548"]
[PlyCount "66"]
[EventDate "2021.??.??"]
[EventType "blitz"]

1. e4 e5 2. Nf3 Nc6 3. c3 f5 4. d4 fxe4 5. Nxe5 Nf6 6. Bb5 a6 7. Bxc6 dxc6 8.
O-O Bd6 9. Bf4 Qe7 10. Nd2 O-O 11. Bg3 Kh8 12. Qe2 Bf5 13. Rae1 Rae8 14. Ndc4
c5 15. Ne3 Be6 16. Bh4 cxd4 17. cxd4 Bxa2 18. N3g4 Qe6 19. Rc1 c5 20. Nxf6 gxf6
21. Ng4 cxd4 22. Qd2 Qxg4 23. Qxd4 Be5 24. Qa4 Bxh2+ 25. Kxh2 Qxh4+ 26. Kg1 Bd5
27. Rc7 Rg8 28. Qd7 Bc6 29. Qd6 Rxg2+ 30. Kxg2 Rg8+ 31. Qg3 e3+ 32. Rxc6 Rxg3+
33. fxg3 Qe4+ {Normal} 0-1

[Event "Rated Blitz game"]
[Site "?"]
[Date "2021.06.01"]
[Round "?"]
[White "Zadokhlik"]
[Black "mocaspoke"]
[Result "1-0"]
[WhiteElo "2482"]
[BlackElo "2517"]
[PlyCount "121"]
[EventDate "2021.??.??"]
[EventType "blitz"]

1. e4 e5 2. Nf3 Nc6 3. c3 d5 4. Qa4 f6 5. Bb5 Nge7 6. exd5 Qxd5 7. O-O a6 8.
Na3 Bd7 9. d4 exd4 10. cxd4 O-O-O 11. Bc4 Qa5 12. Qb3 Ng6 13. Be3 Qh5 14. Be2
Nh4 15. Nc4 Nxg2 16. Kxg2 Bg4 17. Ncd2 Bb4 18. Bd1 Rhe8 19. a3 Ba5 20. Rg1 Rd5
21. Kh1 Rf5 22. Rg3 Bxf3+ 23. Bxf3 Rxf3 24. Nxf3 g5 25. Rc1 Qg6 26. Qc4 Qe4 27.
Kg1 h5 28. d5 Nd8 29. Qxe4 Rxe4 30. b4 Rxe3 31. fxe3 Bb6 32. Nd4 Kd7 33. Rf3
Ke7 34. Rcf1 c5 35. bxc5 Bxc5 36. Rxf6 Bxa3 37. Rh6 Nf7 38. Rh7 Kd6 39. Rfxf7
Kxd5 40. Rxb7 Ke4 41. Ra7 Bb4 42. Rxa6 Bd2 43. Kf2 Bxe3+ 44. Ke2 Bxd4 45. Ra4
Kd5 46. Rxd4+ Kxd4 47. Rxh5 Ke5 48. Rxg5+ Kf4 49. Rg3 Kf5 50. Kf2 Kf6 51. h3
Kf7 52. h4 Kf6 53. h5 Kf5 54. h6 Kf6 55. h7 Kf5 56. h8=Q Ke4 57. Qh4+ Kd5 58.
Rg5+ Ke6 59. Qh6+ Kf7 60. Rg7+ Kf8 61. Qh8# {Normal} 1-0

[Event "Rated Rapid tournament Bu2pCAj7"]
[Site "?"]
[Date "2021.06.01"]
[Round "?"]
[White "PulleyMonster"]
[Black "OjaiJoao"]
[Result "0-1"]
[WhiteElo "2359"]
[BlackElo "2520"]
[PlyCount "98"]
[EventDate "2021.??.??"]
[EventType "rapid"]

1. e4 e5 2. Nf3 Nc6 3. c3 Nf6 4. d4 Nxe4 5. d5 Bc5 6. dxc6 Bxf2+ 7. Ke2 Bb6 8.
Qd5 Nd6 9. Qxe5+ Kf8 10. Kd1 dxc6 11. Bd3 Bf5 12. Qe2 Qf6 13. Na3 h6 14. Bd2
Re8 15. Qf1 Bxd3 16. Qxd3 Ne4 17. Rf1 Nf2+ 18. Rxf2 Bxf2 19. Kc2 Bc5 20. Nc4
Rd8 21. Qe4 Re8 22. Qd3 Kg8 23. Rf1 Rd8 24. Qe4 Bd6 25. Re1 g5 26. Nd4 Bf8 27.
Nf5 Qg6 28. Ne5 Qe6 29. Ng4 Qxe4+ 30. Rxe4 Kh7 31. h4 Kg6 32. Nd4 f6 33. h5+
Kf7 34. Ne3 Rd7 35. Nef5 Bc5 36. Be3 Bxd4 37. Bxd4 b6 38. a4 c5 39. Be3 a5 40.
b4 axb4 41. cxb4 cxb4 42. Rxb4 Re8 43. Bg1 Re2+ 44. Kc3 Rxg2 45. Be3 Rh2 46.
Nxh6+ Ke8 47. Ng4 Rxh5 48. Nxf6+ Kd8 49. Nxd7 c5 {Time forfeit} 0-1

[Event "Rated Blitz tournament A0OromZW"]
[Site "?"]
[Date "2021.06.01"]
[Round "?"]
[White "borets"]
[Black "BTR-07"]
[Result "0-1"]
[WhiteElo "2259"]
[BlackElo "2492"]
[PlyCount "100"]
[EventDate "2021.??.??"]
[EventType "blitz"]

1. e4 e5 2. Nf3 Nc6 3. c3 f5 4. d3 Nf6 5. Bg5 h6 6. Bxf6 Qxf6 7. Be2 Bc5 8.
Nbd2 d6 9. b4 Bb6 10. a4 a5 11. b5 Ne7 12. O-O Be6 13. Qc2 O-O 14. Rac1 g5 15.
d4 g4 16. dxe5 dxe5 17. Ne1 f4 18. Bc4 g3 19. Nd3 Rad8 20. Bxe6+ Qxe6 21. Nf3
Ng6 22. c4 gxf2+ 23. Nxf2 Be3 24. Rcd1 h5 25. Kh1 Bxf2 26. Qxf2 Qxc4 27. Rde1
Kg7 28. Nh4 Nxh4 29. Qxh4 Kg6 30. Qh3 Rd6 31. Rc1 Qxa4 32. Rxc7 Qxb5 33. Rcc1
a4 34. g3 f3 35. g4 Qe2 36. gxh5+ Kh6 37. Rg1 f2 38. Rgf1 Qxe4+ 39. Qg2 Qxg2+
40. Kxg2 e4 41. Rxf2 Rxf2+ 42. Kxf2 a3 43. Ke3 a2 44. Ra1 Ra6 45. Kxe4 b5 46.
Kd4 b4 47. Kc4 Re6 48. Kxb4 Re4+ 49. Kb3 Rh4 50. Rxa2 Rh3+ {Time forfeit} 0-1

[Event "Rated Blitz game"]
[Site "?"]
[Date "2021.06.01"]
[Round "?"]
[White "wader51"]
[Black "KulTim"]
[Result "1/2-1/2"]
[WhiteElo "2423"]
[BlackElo "2327"]
[PlyCount "138"]
[EventDate "2021.??.??"]
[EventType "blitz"]

1. e4 e5 2. Nf3 Nc6 3. c3 Nf6 4. d4 d6 5. Bb5 exd4 6. cxd4 a6 7. Ba4 b5 8. Bb3
Be7 9. h3 O-O 10. O-O Nxe4 11. Bd5 Nf6 12. Bxc6 Rb8 13. d5 Ne4 14. Nc3 Nxc3 15.
bxc3 Bf6 16. Nd4 Bd7 17. Bxd7 Qxd7 18. Re1 Be5 19. Qd3 b4 20. c4 a5 21. Be3 a4
22. Rab1 f5 23. Nc6 Rbe8 24. Nxb4 f4 25. Bd4 f3 26. Bxe5 dxe5 27. Nc6 Qf7 28.
Qxf3 Qg6 29. Qe4 Qh6 30. Nxe5 Rf4 31. Qe3 Ref8 32. Ng4 Qg5 33. Qe5 R4f5 34. Qe7
Qg6 35. Re6 Qh5 36. Rbe1 R5f7 37. Qc5 Qf5 38. Qe3 Qc2 39. Re7 Rf4 40. Qe6+ Kh8
41. Qe5 Qg6 42. Re3 h5 43. Rg3 hxg4 44. Rxg4 Rxg4 45. hxg4 Qb1+ 46. Kh2 Qh7+
47. Qh5 Qxh5+ 48. gxh5 Kg8 49. Rxc7 Rf5 50. d6 Rxh5+ 51. Kg3 Rg5+ 52. Kf4 Rg6
53. d7 Rd6 54. c5 Rd1 55. Rc8+ Kf7 56. d8=Q Rxd8 57. Rxd8 Ke7 58. Ra8 Kf6 59.
Rxa4 g5+ 60. Kg4 Kg6 61. c6 Kf7 62. Ra5 Ke7 63. Rxg5 Kd6 64. Rf5 Kc7 65. Kf4
Kxc6 66. g4 Kc7 67. g5 Kd6 68. g6 Ke6 69. g7 Kd6 {Time forfeit} 1/2-1/2